000 00304nam a22001337a 4500
008 171101b xxu||||| |||| 00| 0 eng d
020 _a9780073373706
041 _aeng
080 _211 ED
_a33
100 _a59
101 _aBUS
245 _aBUSINESS RESEARCH METHODS
_cCOOPER.D.R
942 _2udc
_cBK
999 _c36985
_d36985